|
|
|
|
| LEADER |
02218nam a22004815i 4500 |
| 001 |
978-3-540-33383-8 |
| 003 |
DE-He213 |
| 005 |
20151204172114.0 |
| 007 |
cr nn 008mamaa |
| 008 |
100301s2006 gw | s |||| 0|eng d |
| 020 |
|
|
|a 9783540333838
|9 978-3-540-33383-8
|
| 024 |
7 |
|
|a 10.1007/3-540-33383-5
|2 doi
|
| 040 |
|
|
|d GrThAP
|
| 050 |
|
4 |
|a QA71-90
|
| 072 |
|
7 |
|a PDE
|2 bicssc
|
| 072 |
|
7 |
|a COM014000
|2 bisacsh
|
| 072 |
|
7 |
|a MAT003000
|2 bisacsh
|
| 082 |
0 |
4 |
|a 004
|2 23
|
| 100 |
1 |
|
|a Behrens, Jörn.
|e author.
|
| 245 |
1 |
0 |
|a Adaptive Atmospheric Modeling
|h [electronic resource] :
|b Key Techniques in Grid Generation, Data Structures, and Numerical Operations with Applications /
|c by Jörn Behrens.
|
| 264 |
|
1 |
|a Berlin, Heidelberg :
|b Springer Berlin Heidelberg,
|c 2006.
|
| 300 |
|
|
|a XIX, 214 p. 74 illus.
|b online resource.
|
| 336 |
|
|
|a text
|b txt
|2 rdacontent
|
| 337 |
|
|
|a computer
|b c
|2 rdamedia
|
| 338 |
|
|
|a online resource
|b cr
|2 rdacarrier
|
| 347 |
|
|
|a text file
|b PDF
|2 rda
|
| 490 |
1 |
|
|a Lecture Notes in Computational Science and Engineering,
|x 1439-7358 ;
|v 54
|
| 505 |
0 |
|
|a Principles of Adaptive Atmospheric Modeling -- Grid Generation -- Data Structures for Computational Efficiency -- Issues in Parallelization of Irregularly Structured Problems -- Numerical Treatment of Differential Operators on Adaptive Grids -- Discretization of Conservation Laws -- Example Applications -- Conclusions -- Some Basic Mathematical Tools -- Metrics for Parallelizing Irregularly Structured Problems -- Rotating Shallow Water Equations in Spherical Geometries.
|
| 650 |
|
0 |
|a Mathematics.
|
| 650 |
|
0 |
|a Geophysics.
|
| 650 |
|
0 |
|a Atmospheric sciences.
|
| 650 |
|
0 |
|a Computer mathematics.
|
| 650 |
1 |
4 |
|a Mathematics.
|
| 650 |
2 |
4 |
|a Computational Science and Engineering.
|
| 650 |
2 |
4 |
|a Atmospheric Sciences.
|
| 650 |
2 |
4 |
|a Geophysics/Geodesy.
|
| 710 |
2 |
|
|a SpringerLink (Online service)
|
| 773 |
0 |
|
|t Springer eBooks
|
| 776 |
0 |
8 |
|i Printed edition:
|z 9783540333821
|
| 830 |
|
0 |
|a Lecture Notes in Computational Science and Engineering,
|x 1439-7358 ;
|v 54
|
| 856 |
4 |
0 |
|u http://dx.doi.org/10.1007/3-540-33383-5
|z Full Text via HEAL-Link
|
| 912 |
|
|
|a ZDB-2-SMA
|
| 950 |
|
|
|a Mathematics and Statistics (Springer-11649)
|